[Event "Biel Master Tournament 2019"]
[Site "Biel"]
[Date "2019.07.26"]
[Round "5.13"]
[White "Erigaisi Arjun"]
[Black "Mittal, Aditya"]
[Result "1-0"]
[WhiteElo "2531"]
[BlackElo "2429"]
[Annotator "ChessBase"]
[PlyCount "117"]
[EventDate "2019.07.20"]
[EventType "swiss"]
[EventCountry "SUI"]
[SourceTitle "playchess.com"]
[Source "ChessBase"]
[SourceQuality "1"]
[TimeControl "40/5400+30:1800+30"]

1. Nf3 {[%emt 0:00:00]} d5 {[%emt 0:00:00]} 2. e3 {[%emt 0:00:14]} Nf6 {[%emt 0:03:05]} 3. c4 {[%emt 0:00:20]} e6 {[%emt 0:02:08]} 4. b3 {[%emt 0:00:28]} c5 {[%emt 0:03:33]} 5. Bb2 {[%emt 0:00:12]} Nc6 {[%emt 0:00:29]} 6. g3 {[%emt 0:01:13]} Be7 {[%emt 0:01:46]} 7. Bg2 {[%emt 0:00:10]} O-O {[%emt 0:00:34]} 8. O-O {[%emt 0:00:09]} b6 {[%emt 0:03:00]} 9. Nc3 {[%emt 0:00:28]} Bb7 {[%emt 0:01:21]} 10. cxd5 {[%emt 0:01:02]} exd5 {[%emt 0:05:17]} 11. d4 {[%emt 0:00:16]} Re8 {[%emt 0:01:19]} 12. Rc1 {[%emt 0:02:10]} Rc8 {[%emt 0:10:15]} 13. Re1 {[%emt 0:07:41]} Bf8 {[%emt 0:01:30]} 14. Ne2 {[%emt 0:06:39]} Ne4 {[%emt 0:05:24]} 15. Nf4 {[%emt 0:08:08]} cxd4 {[%emt 0:07:54]} 16. Nxd4 {[%emt 0:00:23]} Ne5 {[%emt 0:00:42]} 17. Rxc8 {[%emt 0:06:07]} Qxc8 {[%emt 0:01:07]} 18. h3 {[%emt 0:02:34]} Qd7 {[%emt 0:03:35]} 19. Qa1 {[%emt 0:03:31]} Ng6 {[%emt 0:03:24]} 20. Nde2 {[%emt 0:05:28]} Qf5 {[%emt 0:04:47]} 21. Rd1 {[%emt 0:01:51]} Bc5 {[%emt 0:05:56]} 22. Bd4 {[%emt 0:01:47]} Bf8 {[%emt 0:07:06]} 23. h4 {[%emt 0:03:10]} Qc8 {[%emt 0:04:57]} 24. Qb2 {[%emt 0:06:13]} Ne7 {[%emt 0:02:38]} 25. Bh3 {[%emt 0:02:18]} Qc6 {[%emt 0:05:32]} 26. Rc1 {[%emt 0:01:32]} Qh6 {[%emt 0:00:35]} 27. Rc7 {[%emt 0:00:46]} Bc8 {[%emt 0:01:39]} 28. Bxc8 {[%emt 0:01:53]} Rxc8 {[%emt 0:02:46]} 29. Rxc8 {[%emt 0:00:54]} Nxc8 {[%emt 0:00:02]} 30. Nxd5 {[%emt 0:00:40]} Qh5 {[%emt 0:01:17]} 31. Ndf4 {[%emt 0:01:11]} Qf3 {[%emt 0:01:54]} 32. Nc3 {[%emt 0:00:08]} Nxc3 {[%emt 0:00:50]} 33. Bxc3 {[%emt 0:01:03]} Nd6 {[%emt 0:00:30]} 34. Qe2 {[%emt 0:00:28]} Qc6 {[%emt 0:00:18]} 35. Bb4 {[%emt 0:00:36]} Ne4 {[%emt 0:03:03]} 36. Bxf8 {[%emt 0:00:34]} Kxf8 {[%emt 0:00:08]} 37. Qd3 {[%emt 0:00:27]} Ke8 {[%emt 0:02:05]} 38. Qd4 {[%emt 0:02:08]} f6 {[%emt 0:02:41]} 39. Qd1 {[%emt 0:03:04]} Ke7 {[%emt 0:03:08]} 40. Ne2 {[%emt 0:03:20]} Nc3 {[%emt 0:01:11]} 41. Nxc3 {[%emt 0:30:17]} Qxc3 {[%emt 0:30:03]} 42. Kg2 {[%emt 0:00:27]} g6 {[%emt 0:00:00]} 43. Qd5 {[%emt 0:00:00]} Qc8 {[%emt 0:00:00]} 44. Qe4+ {[%emt 0:00:00]} Kf8 {[%emt 0:00:00]} 45. Qb4+ {[%emt 0:00:00]} Ke8 {[%emt 0:00:00]} 46. Qa4+ {[%emt 0:00:00]} Kf8 {[%emt 0:00:00]} 47. Qxa7 {[%emt 0:00:00]} Qc6+ {[%emt 0:00:00]} 48. Kh2 {[%emt 0:00:00]} Kg8 {[%emt 0:00:00]} 49. Qa4 {[%emt 0:00:00]} b5 {[%emt 0:00:00]} 50. Qf4 {[%emt 0:00:00]} Qc2 {[%emt 0:00:00]} 51. Qxf6 {[%emt 0:00:00]} Qxa2 {[%emt 0:00:00]} 52. Qe6+ {[%emt 0:00:00]} Kg7 {[%emt 0:00:00]} 53. Kg2 {[%emt 0:00:00]} Qa8+ {[%emt 0:00:00]} 54. e4 {[%emt 0:00:00]} Qb7 {[%emt 0:00:00]} 55. Qe5+ {[%emt 0:00:00]} Kh6 {[%emt 0:00:00]} 56. Qd5 {[%emt 0:00:00]} Qb6 {[%emt 0:00:00]} 57. e5 {[%emt 0:00:00]} b4 {[%emt 0:00:00]} 58. e6 {[%emt 0:00:00]} Qc7 {[%emt 0:00:00]} 59. Qd2+ {[%emt 0:00:00]} 1-0

[Event "Biel Master Tournament 2019"]
[Site "Biel"]
[Date "2019.07.26"]
[Round "5.14"]
[White "Saravanan, Venkatachalam"]
[Black "Shchekachev, Andrei"]
[Result "1/2-1/2"]
[WhiteElo "2332"]
[BlackElo "2531"]
[Annotator "ChessBase"]
[PlyCount "68"]
[EventDate "2019.07.20"]
[EventType "swiss"]
[EventCountry "SUI"]
[SourceTitle "playchess.com"]
[Source "ChessBase"]
[SourceQuality "1"]
[TimeControl "40/5400+30:1800+30"]

1. Nf3 {[%emt 0:00:00]} g6 {[%emt 0:08:30]} 2. c4 {[%emt 0:00:00]} Bg7 {[%emt 0:01:33]} 3. Nc3 {[%emt 0:00:00]} c5 {[%emt 0:01:01]} 4. d4 {[%emt 0:00:00]} cxd4 {[%emt 0:00:09]} 5. Nxd4 {[%emt 0:00:05]} Nc6 {[%emt 0:00:15]} 6. Nc2 {[%emt 0:00:07]} Bxc3+ {[%emt 0:02:14]} 7. bxc3 {[%emt 0:00:05]} Qa5 {[%emt 0:04:46]} 8. e4 {[%emt 0:00:09]} Nf6 {[%emt 0:03:45]} 9. f3 {[%emt 0:00:20]} d6 {[%emt 0:01:41]} 10. Bd2 {[%emt 0:07:24]} Be6 {[%emt 0:05:27]} 11. Nd4 {[%emt 0:02:00]} Rc8 {[%emt 0:06:47]} 12. Be2 {[%emt 0:14:18]} O-O {[%emt 0:11:36]} 13. Nxe6 {[%emt 0:05:23]} fxe6 {[%emt 0:00:07]} 14. O-O {[%emt 0:00:06]} Qc5+ {[%emt 0:05:35]} 15. Kh1 {[%emt 0:00:06]} Ne5 {[%emt 0:03:57]} 16. Rb1 {[%emt 0:04:02]} Nxc4 {[%emt 0:04:14]} 17. Bxc4 {[%emt 0:09:58]} Qxc4 {[%emt 0:00:06]} 18. Rxb7 {[%emt 0:00:07]} Rfe8 {[%emt 0:12:17]} 19. Rxa7 {[%emt 0:04:01]} Ra8 {[%emt 0:00:06]} 20. Rb7 {[%emt 0:05:08]} Rxa2 {[%emt 0:02:26]} 21. Rb4 {[%emt 0:00:39]} Qd3 {[%emt 0:07:07]} 22. Rd4 {[%emt 0:00:04]} Qc2 {[%emt 0:00:21]} 23. Qxc2 {[%emt 0:07:00]} Rxc2 {[%emt 0:00:07]} 24. Rc1 {[%emt 0:00:13]} Rxc1+ {[%emt 0:00:36]} 25. Bxc1 {[%emt 0:00:04]} e5 {[%emt 0:00:06]} 26. Rd1 {[%emt 0:01:56]} Rc8 {[%emt 0:01:51]} 27. Bd2 {[%emt 0:00:07]} Nd7 {[%emt 0:00:43]} 28. Kg1 {[%emt 0:00:16]} Kf7 {[%emt 0:00:51]} 29. Kf2 {[%emt 0:00:13]} Ra8 {[%emt 0:00:54]} 30. Be3 {[%emt 0:03:52]} Ra3 {[%emt 0:00:30]} 31. Rd3 {[%emt 0:00:23]} Ke6 {[%emt 0:02:29]} 32. Bc1 {[%emt 0:05:07]} Ra2+ {[%emt 0:01:47]} 33. Rd2 {[%emt 0:00:20]} Ra1 {[%emt 0:00:37]} 34. Rc2 {[%emt 0:00:13]} Nc5 {[%emt 0:02:20]} 1/2-1/2

[Event "Biel Master Tournament 2019"]
[Site "Biel"]
[Date "2019.07.26"]
[Round "5.15"]
[White "Nabaty, Tamir"]
[Black "Sukandar, Irine Kharisma"]
[Result "0-1"]
[WhiteElo "2678"]
[BlackElo "2396"]
[Annotator "TA"]
[PlyCount "94"]
[EventDate "2019.07.20"]
[EventType "swiss"]
[EventCountry "SUI"]
[SourceTitle "playchess.com"]
[Source "ChessBase"]
[SourceQuality "1"]

{[%evp 9,94,8,31,23,25,19,24,0,0,-16,0,-47,-2,-8,0,-10,0,0,0,6,-4,0,53,39,52,24,20,8,15,16,21,0,5,0,31,22,12,0,78,64,113,96,107,93,93,50,79,47,51,25,25,-57,-59,-54,-56,-45,-67,-30,-36,-20,-39,-62,-56,-45,-54,-139,-97,-118,-97,-97,-97,-96,-41,-85,-85,-85,0,0,0,0,0,0,0,-29975,-29976,-29977,-29978]} 1. Nf3 Nf6 2. b3 c5 3. Bb2 Nc6 4. e3 d6 5. d4 e6 (5... cxd4 6. Nxd4 g6 7. Nxc6 bxc6 8. Bxf6 exf6 9. c4 Bg7 10. Nc3 f5 11. Rc1 O-O 12. Be2 Be6 13. O-O {1-0 (68) Usmanov,V (2450)-Smirin,I (2609) St Petersburg 2018}) 6. dxc5 {A04: Unusual lines after 1 Nf3 and King's Indian Attack} Qa5+ $146 ({Predecessor:} 6... dxc5 7. Qxd8+ Nxd8 8. Bb5+ Bd7 9. Bxd7+ Nxd7 10. Na3 Nc6 11. Nb5 O-O-O 12. O-O-O f6 13. c4 {½-½ (59) Brkic,M (2020)-Mestrovic,Z (2308) Omis 2006}) 7. Qd2 {White wants to play Qxa5.} Qxc5 8. Nc3 {White has an edge.} Be7 9. O-O-O O-O 10. Bd3 Nb4 11. Be2 $1 Bd7 12. a3 Nbd5 13. Nxd5 Nxd5 14. Qd4 Qxd4 15. Nxd4 Rfc8 (15... Nf6 $11) 16. Bf3 $14 Bc6 17. Nf5 Bf8 18. c4 exf5 19. Bxd5 b5 $1 20. Bc3 bxc4 21. b4 {[%cal Bb3b4,Bb4b5][%mdl 32]} g6 22. Bxc6 Rxc6 23. Rd5 Rac8 (23... Ra6 $11) 24. b5 Rc5 25. Rxc5 Rxc5 $16 {[%mdl 4096] Endgame KRB-KRB} 26. a4 Rc7 27. Rd1 {[%mdl 1024] White has strong compensation.} Rd7 $1 28. Rd5 f6 29. Kc2 Kf7 30. Bb4 (30. a5 $11) 30... Be7 $1 $15 31. f3 Ke6 $1 {[%cal Re6d5]} 32. Rd4 d5 33. Bxe7 Rxe7 {KR-KR} 34. e4 $1 dxe4 35. Rxc4 Kd5 36. Rc6 Ke5 37. a5 ({White should play} 37. Kd2 $15) 37... Rd7 38. b6 {[#] aiming for Rc7.} axb6 39. axb6 e3 {White must now prevent ...e2.} 40. Rc7 Kd6 ({Black should try} 40... Ke6 $17 {Strongly threatening ...e2.} 41. Rxd7 Kxd7) 41. Rc3 f4 42. g3 (42. Rd3+ $2 Kc6 $19) 42... g5 ({Better is} 42... Ke6 $17 43. gxf4 e2 44. Re3+ Kf5) 43. gxf4 $11 {Threatens to win with Rd3+.} ({Don't go for} 43. Rd3+ $2 Kc6 $19) 43... gxf4 44. Rc4 ({Avoid the trap} 44. Rd3+ $2 Kc6 $19) 44... f5 45. Kd1 $1 ({But not} 45. Rd4+ Ke7 $17) 45... Kd5 46. Rc7 $2 {[%mdl 8192] [#]} (46. Ra4 $11) 46... Ke6+ $1 47. Ke1 Rxc7 {Accuracy: White = 53%, Black = 65%.} 0-1

[Event "Biel Master Tournament 2019"]
[Site "Biel"]
[Date "2019.07.26"]
[Round "5.16"]
[White "Vaibhav, Suri"]
[Black "Omar, Noaman"]
[Result "1-0"]
[WhiteElo "2591"]
[BlackElo "2369"]
[Annotator "ChessBase"]
[PlyCount "83"]
[EventDate "2019.07.20"]
[EventType "swiss"]
[EventCountry "SUI"]
[SourceTitle "playchess.com"]
[Source "ChessBase"]
[SourceQuality "1"]
[TimeControl "40/5400+30:1800+30"]

1. e4 {[%emt 0:00:00]} e6 {[%emt 0:00:00]} 2. d4 {[%emt 0:00:00]} d5 {[%emt 0:00:00]} 3. Nc3 {[%emt 0:00:29]} Bb4 {[%emt 0:00:05]} 4. e5 {[%emt 0:00:07]} c5 {[%emt 0:00:06]} 5. a3 {[%emt 0:00:03]} Bxc3+ {[%emt 0:00:14]} 6. bxc3 {[%emt 0:00:02]} Qa5 {[%emt 0:00:13]} 7. Bd2 {[%emt 0:00:11]} Qa4 {[%emt 0:00:04]} 8. Qg4 {[%emt 0:00:17]} Kf8 {[%emt 0:00:26]} 9. h4 {[%emt 0:00:31]} Nc6 {[%emt 0:05:57]} 10. h5 {[%emt 0:00:23]} h6 {[%emt 0:01:06]} 11. Qd1 {[%emt 0:17:09]} b6 {[%emt 0:05:31]} 12. Nf3 {[%emt 0:03:30]} Ba6 {[%emt 0:01:48]} 13. Bxa6 {[%emt 0:06:58]} Qxa6 {[%emt 0:00:05]} 14. dxc5 {[%emt 0:00:08]} bxc5 {[%emt 0:00:57]} 15. Qe2 {[%emt 0:00:17]} c4 {[%emt 0:24:11]} 16. a4 {[%emt 0:08:26]} Rb8 {[%emt 0:01:38]} 17. O-O {[%emt 0:07:37]} Nge7 {[%emt 0:03:14]} 18. Nh4 {[%emt 0:17:26]} Ke8 {[%emt 0:13:37]} 19. Bc1 {[%emt 0:06:27]} Qa5 {[%emt 0:01:56]} 20. Qe3 {[%emt 0:01:12]} Rd8 {[%emt 0:08:32]} 21. Rd1 {[%emt 0:11:36]} d4 {[%emt 0:11:34]} 22. cxd4 {[%emt 0:00:34]} Nd5 {[%emt 0:00:28]} 23. Qe4 {[%emt 0:01:04]} Ncb4 {[%emt 0:01:35]} 24. Ba3 {[%emt 0:05:58]} Qc7 {[%emt 0:03:47]} 25. Bxb4 {[%emt 0:02:19]} Nxb4 {[%emt 0:00:04]} 26. Nf3 {[%emt 0:01:56]} Nd5 {[%emt 0:00:44]} 27. Rdb1 {[%emt 0:01:54]} Qd7 {[%emt 0:02:29]} 28. Qg4 {[%emt 0:01:09]} Rg8 {[%emt 0:01:12]} 29. Rb5 {[%emt 0:00:16]} a6 {[%emt 0:01:22]} 30. Rc5 {[%emt 0:00:47]} c3 {[%emt 0:02:05]} 31. a5 {[%emt 0:00:58]} Rb8 {[%emt 0:00:53]} 32. Ne1 {[%emt 0:00:21]} g6 {[%emt 0:00:23]} 33. Nd3 {[%emt 0:00:47]} Kf8 {[%emt 0:00:18]} 34. hxg6 {[%emt 0:02:15]} Rxg6 {[%emt 0:00:03]} 35. Qf3 {[%emt 0:00:28]} Kg7 {[%emt 0:01:29]} 36. Nf4 {[%emt 0:01:39]} Nxf4 {[%emt 0:00:06]} 37. Qxf4 {[%emt 0:00:01]} Rb4 {[%emt 0:01:16]} 38. Rd1 {[%emt 0:00:45]} Qb7 {[%emt 0:00:22]} 39. g3 {[%emt 0:00:35]} Rb1 {[%emt 0:00:29]} 40. Rxb1 {[%emt 0:00:55]} Qxb1+ {[%emt 0:00:04]} 41. Kg2 {[%emt 0:30:32]} Qb7+ {[%emt 0:31:58]} 42. Qf3 {[%emt 0:00:00]} 1-0

[Event "Biel Master Tournament 2019"]
[Site "Biel"]
[Date "2019.07.26"]
[Round "5.17"]
[White "Wong, Jianwen"]
[Black "Sedlak, Nikola"]
[Result "1-0"]
[WhiteElo "2301"]
[BlackElo "2586"]
[Annotator "ChessBase"]
[PlyCount "83"]
[EventDate "2019.07.20"]
[EventType "swiss"]
[EventCountry "SUI"]
[SourceTitle "playchess.com"]
[Source "ChessBase"]
[SourceQuality "1"]
[TimeControl "40/5400+30:1800+30"]

1. c4 {[%emt 0:02:10]} e5 {[%emt 0:00:00]} 2. g3 {[%emt 0:00:29]} Nc6 {[%emt 0:00:00]} 3. Nc3 {[%emt 0:00:05]} g6 {[%emt 0:00:16]} 4. Bg2 {[%emt 0:00:10]} Bg7 {[%emt 0:00:23]} 5. d3 {[%emt 0:00:20]} d6 {[%emt 0:00:14]} 6. e4 {[%emt 0:00:17]} Nd4 {[%emt 0:00:40]} 7. Nge2 {[%emt 0:02:08]} Nxe2 {[%emt 0:00:14]} 8. Qxe2 {[%emt 0:01:49]} Ne7 {[%emt 0:00:13]} 9. O-O {[%emt 0:03:35]} Nc6 {[%emt 0:01:26]} 10. Be3 {[%emt 0:03:53]} O-O {[%emt 0:06:24]} 11. Qd2 {[%emt 0:03:08]} Be6 {[%emt 0:01:39]} 12. Nd5 {[%emt 0:06:37]} Nd4 {[%emt 0:02:31]} 13. Bxd4 {[%emt 0:04:14]} exd4 {[%emt 0:00:10]} 14. f4 {[%emt 0:08:41]} c6 {[%emt 0:16:07]} 15. f5 {[%emt 0:01:08]} gxf5 {[%emt 0:08:46]} 16. exf5 {[%emt 0:01:07]} Bxd5 {[%emt 0:00:15]} 17. cxd5 {[%emt 0:00:12]} c5 {[%emt 0:00:28]} 18. f6 {[%emt 0:01:23]} Bxf6 {[%emt 0:00:06]} 19. Rf5 {[%emt 0:02:18]} Be5 {[%emt 0:00:21]} 20. Re1 {[%emt 0:04:30]} f6 {[%emt 0:04:38]} 21. Re4 {[%emt 0:00:59]} Rc8 {[%emt 0:01:17]} 22. Rh4 {[%emt 0:15:55]} Rc7 {[%emt 0:01:24]} 23. Be4 {[%emt 0:00:26]} Rff7 {[%emt 0:00:31]} 24. Rfh5 {[%emt 0:04:33]} Rg7 {[%emt 0:02:07]} 25. Qg2 {[%emt 0:09:43]} Rce7 {[%emt 0:01:19]} 26. Qh3 {[%emt 0:00:53]} Qd7 {[%emt 0:01:42]} 27. Bf5 {[%emt 0:02:31]} Qc7 {[%emt 0:03:13]} 28. Qf1 {[%emt 0:02:44]} Kf8 {[%emt 0:06:49]} 29. Be6 {[%emt 0:03:31]} Ke8 {[%emt 0:05:09]} 30. Bf5 {[%emt 0:04:32]} Kd8 {[%emt 0:01:43]} 31. Kg2 {[%emt 0:06:15]} Qa5 {[%emt 0:01:16]} 32. a3 {[%emt 0:00:27]} Bxg3 {[%emt 0:06:50]} 33. hxg3 {[%emt 0:00:08]} Qd2+ {[%emt 0:00:06]} 34. Kh3 {[%emt 0:00:31]} Re1 {[%emt 0:04:38]} 35. Qg2 {[%emt 0:00:51]} Re2 {[%emt 0:08:45]} 36. Qg1 {[%emt 0:00:05]} Re1 {[%emt 0:03:08]} 37. Qg2 {[%emt 0:00:01]} Qe3 {[%emt 0:04:20]} 38. Rg4 {[%emt 0:02:50]} Rg1 {[%emt 0:08:16]} 39. Rxg7 {[%emt 0:01:13]} Rxg2 {[%emt 0:00:08]} 40. Rhxh7 {[%emt 0:00:07]} Rh2+ {[%emt 0:00:14]} 41. Kxh2 {[%emt 0:30:10]} Qf2+ {[%emt 0:30:16]} 42. Kh3 {[%emt 0:01:12]} 1-0

[Event "Biel Master Tournament 2019"]
[Site "Biel"]
[Date "2019.07.26"]
[Round "5.18"]
[White "Antipov, Mikhail Al."]
[Black "Pranav Anand"]
[Result "1/2-1/2"]
[WhiteElo "2582"]
[BlackElo "2347"]
[Annotator "ChessBase"]
[PlyCount "84"]
[EventDate "2019.07.20"]
[EventType "swiss"]
[EventCountry "SUI"]
[SourceTitle "playchess.com"]
[Source "ChessBase"]
[SourceQuality "1"]
[TimeControl "40/5400+30:1800+30"]

1. e4 {[%emt 0:00:00]} e5 {[%emt 0:00:00]} 2. Nf3 {[%emt 0:00:00]} Nc6 {[%emt 0:00:17]} 3. Bb5 {[%emt 0:00:00]} a6 {[%emt 0:00:08]} 4. Ba4 {[%emt 0:00:00]} Nf6 {[%emt 0:00:10]} 5. O-O {[%emt 0:00:00]} Be7 {[%emt 0:00:05]} 6. Re1 {[%emt 0:00:00]} b5 {[%emt 0:00:05]} 7. Bb3 {[%emt 0:00:00]} d6 {[%emt 0:00:04]} 8. c3 {[%emt 0:00:04]} O-O {[%emt 0:00:06]} 9. h3 {[%emt 0:00:05]} Nb8 {[%emt 0:00:04]} 10. d4 {[%emt 0:00:05]} Nbd7 {[%emt 0:00:04]} 11. c4 {[%emt 0:00:07]} c6 {[%emt 0:00:20]} 12. a3 {[%emt 0:00:05]} bxc4 {[%emt 0:03:04]} 13. Bxc4 {[%emt 0:00:04]} Nxe4 {[%emt 0:01:50]} 14. dxe5 {[%emt 0:00:05]} d5 {[%emt 0:00:28]} 15. Ba2 {[%emt 0:00:04]} Ndc5 {[%emt 0:10:46]} 16. Nd4 {[%emt 0:29:02]} Bd7 {[%emt 0:00:31]} 17. Qc2 {[%emt 0:04:37]} Qb6 {[%emt 0:19:12]} 18. Be3 {[%emt 0:11:37]} Bg5 {[%emt 0:12:21]} 19. f4 {[%emt 0:04:56]} Bh4 {[%emt 0:02:19]} 20. Rd1 {[%emt 0:07:20]} Ne6 {[%emt 0:02:32]} 21. Nc3 {[%emt 0:01:09]} Nxc3 {[%emt 0:12:34]} 22. bxc3 {[%emt 0:00:50]} Nxd4 {[%emt 0:00:35]} 23. Rxd4 {[%emt 0:03:46]} Be7 {[%emt 0:04:17]} 24. Kh2 {[%emt 0:03:29]} Rab8 {[%emt 0:05:50]} 25. Rb1 {[%emt 0:02:47]} Qa7 {[%emt 0:02:33]} 26. Rxb8 {[%emt 0:00:26]} Qxb8 {[%emt 0:03:12]} 27. Rd1 {[%emt 0:02:57]} Bxa3 {[%emt 0:07:20]} 28. Qa4 {[%emt 0:01:32]} Qb2 {[%emt 0:02:58]} 29. Bxd5 {[%emt 0:01:54]} cxd5 {[%emt 0:00:11]} 30. Qxd7 {[%emt 0:00:04]} Qxc3 {[%emt 0:00:06]} 31. Bd4 {[%emt 0:01:34]} Qc2 {[%emt 0:03:32]} 32. Qg4 {[%emt 0:00:08]} Bb2 {[%emt 0:05:00]} 33. Bxb2 {[%emt 0:01:33]} Qxb2 {[%emt 0:00:01]} 34. Rxd5 {[%emt 0:00:08]} Qb4 {[%emt 0:01:07]} 35. h4 {[%emt 0:06:18]} Qe4 {[%emt 0:01:05]} 36. Rd7 {[%emt 0:00:30]} a5 {[%emt 0:01:03]} 37. h5 {[%emt 0:00:57]} h6 {[%emt 0:00:34]} 38. Re7 {[%emt 0:01:46]} Qb4 {[%emt 0:00:43]} 39. Rd7 {[%emt 0:00:26]} Qe4 {[%emt 0:00:14]} 40. Rc7 {[%emt 0:03:44]} a4 {[%emt 0:00:34]} 41. Rc3 {[%emt 0:30:08]} Kh8 {[%emt 0:03:58]} 42. Rg3 {[%emt 0:00:00]} Qd5 {[%emt 0:00:40]} 1/2-1/2

[Event "Biel Master Tournament 2019"]
[Site "Biel"]
[Date "2019.07.26"]
[Round "5.19"]
[White "Moussard, Jules"]
[Black "Kamber, Bruno"]
[Result "1/2-1/2"]
[WhiteElo "2576"]
[BlackElo "2299"]
[Annotator "RC"]
[PlyCount "24"]
[EventDate "2019.07.20"]
[EventType "swiss"]
[EventCountry "SUI"]
[SourceTitle "playchess.com"]
[Source "ChessBase"]
[SourceQuality "1"]
[TimeControl "40/5400+30:1800+30"]

1. e4 {[%emt 0:04:24]} g6 {[%emt 0:00:13]} 2. d4 {[%emt 0:00:08]} Bg7 {[%emt 0:00:06]} 3. Nc3 {[%emt 0:00:03]} d6 {[%emt 0:00:21]} 4. Be3 {[%emt 0:00:08]} a6 {[%emt 0:00:17]} 5. h4 {[%emt 0:00:09]} h5 {[%emt 0:01:47]} 6. Qd2 {[%emt 0:03:53]} b5 {[%emt 0:00:58]} 7. O-O-O {[%emt 0:00:45]} Bb7 {[%emt 0:06:41]} 8. f3 {[%emt 0:00:25]} Nf6 {[%emt 0:04:26]} 9. Nh3 {[%emt 0:00:39]} Nc6 {[%emt 0:02:14]} 10. Ng5 {[%emt 0:03:14]} e5 {[%emt 0:00:09]} 11. d5 {[%emt 0:00:51]} Ne7 {[%emt 0:09:40]} 12. Kb1 {[%emt 0:05:35]} Rc8 {[%emt 0:06:25]} 1/2-1/2

[Event "Biel Master Tournament 2019"]
[Site "Biel"]
[Date "2019.07.26"]
[Round "5.20"]
[White "Santos Ruiz, Miguel"]
[Black "Mooser, Stefan"]
[Result "1-0"]
[WhiteElo "2567"]
[BlackElo "2296"]
[Annotator "ChessBase"]
[PlyCount "65"]
[EventDate "2019.07.20"]
[EventType "swiss"]
[EventCountry "SUI"]
[SourceTitle "playchess.com"]
[Source "ChessBase"]
[SourceQuality "1"]
[TimeControl "40/5400+30:1800+30"]

1. e4 {[%emt 0:01:18]} c5 {[%emt 0:00:00]} 2. Nf3 {[%emt 0:00:08]} e6 {[%emt 0:00:00]} 3. d4 {[%emt 0:00:03]} cxd4 {[%emt 0:00:00]} 4. Nxd4 {[%emt 0:00:04]} Nc6 {[%emt 0:00:15]} 5. Nc3 {[%emt 0:00:05]} Qc7 {[%emt 0:00:05]} 6. Be3 {[%emt 0:00:21]} a6 {[%emt 0:00:06]} 7. a3 {[%emt 0:00:03]} b5 {[%emt 0:00:09]} 8. Nxc6 {[%emt 0:00:06]} Qxc6 {[%emt 0:00:07]} 9. Qf3 {[%emt 0:00:06]} Bb7 {[%emt 0:02:02]} 10. Qg3 {[%emt 0:01:03]} Nf6 {[%emt 0:12:56]} 11. f3 {[%emt 0:00:13]} Rc8 {[%emt 0:06:20]} 12. Bd3 {[%emt 0:20:34]} Qc7 {[%emt 0:17:35]} 13. f4 {[%emt 0:11:15]} h5 {[%emt 0:03:09]} 14. O-O {[%emt 0:18:29]} Bc5 {[%emt 0:08:40]} 15. Bxc5 {[%emt 0:05:31]} Qxc5+ {[%emt 0:00:09]} 16. Kh1 {[%emt 0:00:02]} g6 {[%emt 0:17:25]} 17. e5 {[%emt 0:12:32]} h4 {[%emt 0:07:48]} 18. Qh3 {[%emt 0:00:18]} Nh5 {[%emt 0:00:13]} 19. Be4 {[%emt 0:05:16]} Qb6 {[%emt 0:11:16]} 20. Bxb7 {[%emt 0:03:08]} Qxb7 {[%emt 0:00:01]} 21. Qxh4 {[%emt 0:00:09]} Rc4 {[%emt 0:01:49]} 22. Rf3 {[%emt 0:03:07]} Kf8 {[%emt 0:02:27]} 23. Raf1 {[%emt 0:04:14]} Kg7 {[%emt 0:01:28]} 24. Qf2 {[%emt 0:00:41]} a5 {[%emt 0:01:15]} 25. Kg1 {[%emt 0:01:24]} f5 {[%emt 0:00:06]} 26. b3 {[%emt 0:05:29]} Rc7 {[%emt 0:00:21]} 27. a4 {[%emt 0:00:51]} bxa4 {[%emt 0:01:44]} 28. Nxa4 {[%emt 0:00:03]} Rb8 {[%emt 0:01:57]} 29. c4 {[%emt 0:01:40]} Qc6 {[%emt 0:00:30]} 30. Rd3 {[%emt 0:01:20]} Rcb7 {[%emt 0:01:21]} 31. Rd6 {[%emt 0:00:14]} Qc8 {[%emt 0:00:25]} 32. Nc5 {[%emt 0:00:10]} Rc7 {[%emt 0:00:13]} 33. Na6 {[%emt 0:00:10]} 1-0

[Event "Biel Master Tournament 2019"]
[Site "Biel"]
[Date "2019.07.28"]
[Round "6.1"]
[White "Xiong, Jeffery"]
[Black "Donchenko, Alexander"]
[Result "1-0"]
[WhiteElo "2691"]
[BlackElo "2615"]
[Annotator "TA"]
[PlyCount "57"]
[EventDate "2019.07.20"]
[EventType "swiss"]
[EventCountry "SUI"]
[SourceTitle "playchess.com"]
[Source "ChessBase"]
[SourceQuality "1"]

{[%evp 16,57,26,26,37,38,45,43,48,39,38,-39,-45,0,45,41,62,80,183,171,179,186,191,102,143,125,128,141,171,181,337,342,757,735,1379,1298,1208,1176,29985,29986,29986,29987,29987,29988]} 1. e4 c5 2. Nf3 d6 3. d4 cxd4 4. Nxd4 Nf6 5. Nc3 a6 6. Bg5 e6 7. f4 Nbd7 8. Qe2 Qc7 9. O-O-O Be7 {B96: Sicilian Najdorf: 6 Bg5 e6 7 f4, lines other than 7...Qb6 and 7...Be7} 10. g4 b5 11. a3 Bb7 {White is slightly better.} 12. Bh4 h6 13. g5 $146 (13. f5 $14) ({Predecessor:} 13. Be1 Rc8 14. Bg2 Qc4 15. Qd2 Nxg4 16. Rg1 b4 17. axb4 Qxb4 {1-0 (36) Tsydypov,Z (2529)-Nepomniachtchi,I (2763) St Petersburg 2018}) 13... hxg5 $15 14. Bxg5 Rc8 15. h4 $1 Qa5 {...Rxc3 is the strong threat.} 16. Rh3 Rxc3 (16... Qb6 $16) 17. Rxc3 $18 {Hoping for Nc6.} Nxe4 18. Re3 d5 19. Bh3 ({White should play} 19. Bxe7 $18 Kxe7 20. Bg2) 19... Qb6 {aiming for ...Bc5.} 20. Bxe7 Kxe7 21. Qe1 $1 {Black must now prevent f5.} g6 {[#]} 22. Qg1 $1 Kf8 $2 {[#]} (22... Qd8 {is a better defense.}) 23. Bxe6 $1 {[%mdl 576] Deflection} fxe6 $2 (23... Ndf6 24. Bh3 Qd6) 24. Qxg6 Ndf6 {[#]} 25. Rxe4 $1 {[%mdl 512]} Nxe4 (25... dxe4 26. Qxf6+) 26. f5 Rxh4 27. fxe6 {[%csl Ge6][%cal Rg6f7] White mates.} Qc7 28. Rf1+ Rf4 29. Qh6+ {[%mdl 64] Double Attack. Accuracy: White = 70%, Black = 23%.} 1-0